¡¡Ni rey ni Papa!! : (Registro nro. 190096)
[ vista simple ]
| 000 -LEADER | |
|---|---|
| campo de control de longitud fija | 00627nam a2200181 i 4500 |
| 001 - NÚMERO DE CONTROL | |
| campo de control | 190096 |
| 003 - IDENTIFICADOR DE NÚMERO DE CONTROL | |
| campo de control | ES-MaACL |
| 005 - FECHA Y HORA DE LA ÚLTIMA TRANSACCIÓN | |
| campo de control | 20230906223636.0 |
| 008 - DATOS DE LONGITUD FIJA--INFORMACIÓN GENERAL | |
| campo de control de longitud fija | 200728s1860 sp |||| | spa d |
| 080 ## - NÚMERO DE LA CLASIFICACIÓN DECIMAL UNIVERSAL | |
| Número de la Clasificación Decimal Universal | 262.132 |
| 245 02 - MENCIÓN DEL TÍTULO | |
| Título | ¡¡Ni rey ni Papa!! : |
| Resto del título | cuestión de actualidad. |
| 260 ## - PUBLICACIÓN, DISTRIBUCIÓN, ETC. | |
| Lugar de publicación, distribución, etc. | Madrid : |
| Nombre del editor, distribuidor, etc. | [s.n.], |
| Fecha de publicación, distribución, etc. | 1860 ( |
| Fabricante | Imp. de las Escuelas Pías) |
| 300 ## - DESCRIPCIÓN FÍSICA | |
| Extensión | 53 p. ; |
| Dimensiones | 23 cm. |
| 530 ## - NOTA DISPONIBLE DE FORMULARIO FÍSICO ADICIONAL | |
| Nota de formato físico adicional disponible | Disponible en formato digital. |
| 650 #4 - PUNTO DE ACCESO ADICIONAL DE MATERIA--TÉRMINO DE MATERIA | |
| Término de materia o nombre geográfico como elemento de entrada | Papas- |
| Subdivisión general | Poder temporal. |
| 9 (RLIN) | 153316 |
| 852 4# - LOCALIZACIÓN | |
| Ubicación | ES-MaACL |
| Número de control de estantería | T-55-F-7 |
| 856 4# - LOCALIZACIÓN Y ACCESO ELECTRÓNICOS | |
| Identificador Uniforme de Recursos | <a href="https://hermes.bbtk.ull.es/pandora/cgi-bin/Pandora.exe?id=0000002737">https://hermes.bbtk.ull.es/pandora/cgi-bin/Pandora.exe?id=0000002737</a> |
| Nota pública | Patrimonio Bibliográfico Lacunense |
| Estatus retirado | Estado de pérdida | Estado de daño | No para préstamo | Colección | Biblioteca de origen | Biblioteca actual | Ubicación en estantería | Fecha de adquisición | Fuente de adquisición | Total de préstamos | Signatura topográfica completa | Código de barras | Visto por última vez | Precio de reemplazo | Tipo de ítem Koha |
|---|---|---|---|---|---|---|---|---|---|---|---|---|---|---|---|
| Colección de folletos | Biblioteca del Ateneo de Madrid | Biblioteca del Ateneo de Madrid | Depósito folletos | 01/04/2005 | T-55-F-7 | 1201778 | 23/02/2023 | 23/02/2023 | Folleto |
